Αρχαϊκή επική ποίηση : από την Ιλιάδα στην Οδύσσεια

Αποθηκεύτηκε σε:
Λεπτομέρειες βιβλιογραφικής εγγραφής
Κύριος συγγραφέας: Μαρωνίτης, Δημήτρης Ν., 1929-2016
Άλλοι συγγραφείς: Πόλκας, Λάμπρος
Μορφή: Βιβλίο
Γλώσσα:Greek
Δημοσίευση: [Αθήνα] : Δημοσιογραφικός Οργανισμός Λαμπράκη, c2013.
Σειρά:Αρχαιογνωσία και αρχαιογλωσσία
Θέματα:
Ετικέτες: Προσθήκη ετικέτας
Δεν υπάρχουν, Καταχωρήστε ετικέτα πρώτοι!

MARC

LEADER 00000cam a2200000 i 4500
001 1/29725
008 130520s2013 gr | ||| |||| ||gre||
020 |a 9789605033248 
035 |l 10114431 
040 |a GR-MyUa  |b gre  |e AACR2 
041 0 |a gre 
082 7 |a 881.1   |2 (22) 
100 1 |a Μαρωνίτης, Δημήτρης Ν.,   |d 1929-2016. 
245 1 0 |a Αρχαϊκή επική ποίηση :   |b από την Ιλιάδα στην Οδύσσεια /   |c Δ.Ν. Μαρωνίτης, Λ. Πόλκας.  
260 |a [Αθήνα] :   |b Δημοσιογραφικός Οργανισμός Λαμπράκη,   |c c2013.  
300 |a 286 σ. ;   |c 23 εκ. 
490 1 |a (Αρχαιογνωσία και αρχαιογλωσσία) 
500 |a Ανατύπωση της έκδοσης του Ινστιτούτου Νεοελληνικών Σπουδών, 2007.  
500 |a Διανέμεται δωρεάν με την εφημερίδα "Το Βήμα".  
504 |a Βιβλιογραφία: σ. 278-281.  
650 0 |a Epic poetry, Greek  |x History and criticism. 
650 0 |a Epic poetry, Classical  |x History and criticism. 
700 1 |a Πόλκας, Λάμπρος. 
830 0 |a Αρχαιογνωσία και αρχαιογλωσσία 
852 |a INST  |b SYROS  |e 20130520  |h 881.1 ΜΑΡ  |p 005500010819  |q 005500010819  |t BK  |y 0 
901 |a BIBL5-2013-1 
970 |a Κοντού  |b Παρασκευή  |z 20/05/2013